Architecture and Attributes of Intelligent Online Education System
Technologický pokrok mení vzdelávacie postupy integráciou digitálnych nástrojov a propagáciou online vzdelávania, čo je trend, ktorý urýchlila pandémia COVID-19. Inovácie v oblasti AI, veľkých dát a analytiky prinášajú revolúciu do vzdelávania a umožňujú personalizované vzdelávacie skúsenosti. Táto...
Na minha lista:
| Autor principal: | |
|---|---|
| Outros Autores: | |
| Formato: | Capítulo de Livro |
| Idioma: | inglês |
| Assuntos: | |
| Tags: |
Sem tags, seja o primeiro a adicionar uma tag!
|
MARC
| LEADER | 00000naa$a2200000$$$4500 | ||
|---|---|---|---|
| 001 | 0303840 | ||
| 005 | 20240827103223.2 | ||
| 041 | 0 | |a eng | |
| 044 | |a SK | ||
| 245 | 1 | 0 | |a Architecture and Attributes of Intelligent Online Education System |c Martin Mišút, Mária Mišútová |
| 520 | |a Technologický pokrok mení vzdelávacie postupy integráciou digitálnych nástrojov a propagáciou online vzdelávania, čo je trend, ktorý urýchlila pandémia COVID-19. Inovácie v oblasti AI, veľkých dát a analytiky prinášajú revolúciu do vzdelávania a umožňujú personalizované vzdelávacie skúsenosti. Táto diskusia podčiarkuje dôležitosť inteligentných e-learningových prístupov, ktoré analyzujú údaje študentov na prispôsobenie vzdelávania. Inteligentné vzdelávacie systémy ponúkajú prispôsobené, pútavé skúsenosti, ktoré sú kľúčové pre zvýšenie kvality vzdelávania. | ||
| 610 | 2 | 0 | |a vzdelávanie elektronické |
| 610 | 2 | 0 | |a inteligencia umelá |
| 610 | 2 | 0 | |a systémy vzdelávacie |
| 610 | 2 | 0 | |a systémy inovačné |
| 100 | 1 | |a Mišút, Martin, 1962- | |
| 700 | 1 | |a Mišútová, Mária | |